Paesi nominati nella pagina Wikipedia della Svizzera - Statistics

Statistiche generali
  • Questo quiz è stato fatto 28 volte
  • Il punteggio medio è 52 su 63
Statistiche sulle risposte
Volte in cui viene nominato
Indizio (basato sul motivo per cui lo stato è nominato nella pagina Wikipedia)
Paese % Corretto
8 Paese confinante Austria
100%
15 Paese confinante Francia
100%
13 Paese confinante Germania
100%
16 Paese confinante Italia
100%
5 Questo paese fu meta di emigrazione svizzera tra '800 e '900 Stati Uniti
100%
2 Paese in cui risiedono migliaia di cittadini svizzeri Canada
96%
1 Questo è tra i pochissimi paesi che investono più della Svizzera nella ricerca Finlandia
96%
4 Paese confinante Liechtenstein
96%
1 La Svizzera ha un accordo di libero scambio con questo paese americano Messico
96%
2 Assieme a questo paese la Svizzera è membro dell'Associazione Europea di Libero Scambio Norvegia
96%
1 Paese d'origine di una consistente comunità di cittadini svizzeri Portogallo
96%
3 Questo paese fu meta di emigrazione svizzera tra '800 e '900 Argentina
91%
2 Negli anni '90 la Svizzera accolse diversi profughi provenienti da questo paese Bosnia Erzegovina
91%
3 Questo paese fu meta di emigrazione svizzera tra '800 e '900 Brasile
91%
2 In questo paese si trova una sede distaccata della Logitech, importante azienda svizzera che produce periferiche informatiche Cina
91%
2 L'architetto svizzero Domenico Pelli fu molto attivo in questo paese nordeuropeo Danimarca
91%
1 La Svizzera ha un accordo di libero scambio con questo paese nordafricano Egitto
91%
1 La Svizzera sta negoziando un accordo di libero scambio con questo paese asiatico India
91%
2 Durante la seconda guerra mondiale la Svizzera accolse diversi profughi provenienti da questo paese Polonia
91%
4 Paese in cui risiedono migliaia di cittadini svizzeri Regno Unito
91%
2 La Svizzera sta negoziando un accordo di libero scambio con questo paese eurasiatico Russia
91%
2 Paese d'origine di una consistente comunità di cittadini svizzeri Serbia
91%
5 Paese d'origine di una consistente comunità di cittadini svizzeri Spagna
91%
1 La Svizzera ha un accordo di libero scambio con questo paese europeo Ucraina
91%
2 Questo paese fu meta di emigrazione svizzera tra '800 e '900 Australia
87%
4 Questo paese acquista il 3,9% delle esportazioni svizzere Giappone
87%
2 Paese in cui risiedono migliaia di cittadini svizzeri Israele
87%
2 Negli anni '90 la Svizzera accolse diversi profughi provenienti da questo paese Kosovo
87%
1 Paese dal quale negli ultimi anni dei branchi di lupi di sono spostati in territorio svizzero Slovenia
87%
2 In questo paese si trova una sede distaccata della RUAG, importante azienda svizzera che produce armi Svezia
87%
1 La Svizzera ha un accordo di libero scambio con questo paese mediorientale Arabia Saudita
83%
1 La Svizzera ha un accordo di libero scambio con questo paese americano Colombia
83%
2 La Svizzera ha un accordo di libero scambio con questo paese asiatico Corea del Sud
83%
1 La Svizzera ha un accordo di libero scambio con questo paese nordafricano Marocco
83%
4 Quella svizzera è la quarta economia più cosmopolita al mondo; terza è quella di questo paese Paesi Bassi
83%
1 La Svizzera ha un accordo di libero scambio con questo paese americano Perù
83%
3 Questo paese fu meta di emigrazione svizzera tra '800 e '900 Sudafrica
83%
1 Nel 1956 la Svizzera accolse diversi profughi provenienti da questo paese Ungheria
83%
1 La Svizzera ha un accordo di libero scambio con questo paese europeo Albania
78%
1 La Svizzera sta negoziando un accordo di libero scambio con questo paese nordafricano Algeria
78%
1 Paese d'origine di numerosi immigrati residenti in Svizzera Croazia
78%
2 Assieme a questo paese la Svizzera è membro dell'Associazione Europea di Libero Scambio Islanda
78%
1 La Svizzera ha un accordo di libero scambio con questo paese africano membro del SACU Namibia
78%
2 Nel 1973 la Svizzera accolse diversi profughi provenienti da questo paese Cile
74%
1 La Svizzera ha un accordo di libero scambio con questo paese mediorientale Emirati Arabi Uniti
74%
1 La nazionale di calcio under 17 della Svizzera ha vinto i mondiali del 2009 tenutisi in questo paese africano Nigeria
74%
1 La Svizzera ha un accordo di libero scambio con questo paese mediorientale Qatar
74%
1 Nel 2009 i cittadini svizzeri hanno votato per estendere l'accordo sulla libera circolazione delle persone a questo paese Romania
74%
2 Questo paese fu meta di emigrazione svizzera tra '800 e '900 Uruguay
74%
1 Nel 2009 i cittadini svizzeri hanno votato per estendere l'accordo sulla libera circolazione delle persone a questo paese Bulgaria
70%
1 La Svizzera è il paese europeo con la più alta presenza di immigrati dopo questo paese Lussemburgo
70%
1 La Svizzera ha un accordo di libero scambio con questo paese mediorientale Oman
70%
1 La Svizzera sta negoziando un accordo di libero scambio con questo paese americano Paraguay
70%
1 La Svizzera ha un accordo di libero scambio con questo paese mediorientale Bahrain
65%
1 La Svizzera ha un accordo di libero scambio con questo paese africano membro del SACU Botswana
65%
1 La Svizzera ha un accordo di libero scambio con questo paese mediorientale Giordania
65%
1 La Svizzera ha un accordo di libero scambio con questo paese mediorientale Kuwait
65%
1 Paese d'origine di numerosi immigrati residenti in Svizzera Macedonia del Nord
65%
1 La Svizzera sta negoziando un accordo di libero scambio con questo paese asiatico Indonesia
57%
1 La Svizzera ha un accordo di libero scambio con questo paese africano membro del SACU Lesotho
57%
2 Quella svizzera è la quarta economia più cosmopolita al mondo; prima è quella di questo paese Singapore
57%
1 La Svizzera sta negoziando un accordo di libero scambio con questo paese asiatico Thailandia
57%
1 La Svizzera ha un accordo di libero scambio con questo paese africano membro del SACU Eswatini
43%
Nessun quiz corrispondente trovato
Distribuzione punteggi
Percentuale di utenti per punteggio
Percentile per numero di risposta
I tuoi punteggi nel tempo
Non hai fatto questo quiz